000 00260nam a22001337a 4500
020 _a36956542147
041 _aENG
100 _aMeriam
245 _aEngining Meknanics Vol 2
260 _apune
_bJohn Wil
_c1996
300 _a255
650 _aFS
856 _uFS
999 _c273
_d273